Chemical reaction enginneering
Tallennettuna:
| Päätekijä: | |
|---|---|
| Aineistotyyppi: | Kirja |
| Kieli: | Undetermined |
| Julkaistu: |
New York
John Wiley and Son
1999
|
| Tagit: |
Lisää tagi
Ei tageja, Lisää ensimmäinen tagi!
|
| Thư viện lưu trữ: | Trung tâm Học liệu Trường Đại học Cần Thơ |
|---|
| LEADER | 00413nam a2200157Ia 4500 | ||
|---|---|---|---|
| 001 | CTU_65914 | ||
| 008 | 210402s9999 xx 000 0 und d | ||
| 020 | |b 118000 | ||
| 082 | |a 660.281 | ||
| 082 | |b L657 | ||
| 100 | |a Octave Levespiel | ||
| 245 | 0 | |a Chemical reaction enginneering | |
| 260 | |a New York | ||
| 260 | |b John Wiley and Son | ||
| 260 | |c 1999 | ||
| 980 | |a Trung tâm Học liệu Trường Đại học Cần Thơ | ||